000 00746nam a22002057a 4500
999 _c20234
_d20234
003 AR-CdUCM
008 190528b ||||| |||| 00| 0 spa d
040 _aMUNICIPALIDAD PROVINCIAL DEL CUSCO
_cBIBLIOTECA MUNICIPAL DEL CUSCO
082 _23ed
_a728.084 /
_bM712
100 _aMoia, José Luis
_938192
245 _aCómo debe proyectarse una vivienda /
260 _aBuenos Aires :
_bEdit. Windsor,
_c1951.
300 _a309 páginas ;
_bPlanos,
_c27 cm.
505 _aContenido: Antecedentes -- Clasificación y adquisición de viviendas -- Dibujo arquitectónico...
650 _aArquitectura doméstica
_942297
650 _aConstrucción
_94996
650 _aPlanos y dibujos
_942298
942 _2ddc
_cLIBROS
945 _adavv
_d2019-05-28